<?xml version="1.0" encoding="UTF-8"?><?xml-stylesheet type="text/xsl" href="static/style.xsl"?><OAI-PMH xmlns="http://www.openarchives.org/OAI/2.0/" xmlns:xsi="http://www.w3.org/2001/XMLSchema-instance" xsi:schemaLocation="http://www.openarchives.org/OAI/2.0/ http://www.openarchives.org/OAI/2.0/OAI-PMH.xsd"><responseDate>2026-04-17T00:46:58Z</responseDate><request verb="GetRecord" identifier="oai:www.recercat.cat:2117/126901" metadataPrefix="marc">https://recercat.cat/oai/request</request><GetRecord><record><header><identifier>oai:recercat.cat:2117/126901</identifier><datestamp>2025-07-22T18:53:08Z</datestamp><setSpec>com_2072_1033</setSpec><setSpec>col_2072_452951</setSpec></header><metadata><record xmlns="http://www.loc.gov/MARC21/slim" xmlns:dcterms="http://purl.org/dc/terms/" xmlns:xsi="http://www.w3.org/2001/XMLSchema-instance" xmlns:doc="http://www.lyncode.com/xoai" xsi:schemaLocation="http://www.loc.gov/MARC21/slim http://www.loc.gov/standards/marcxml/schema/MARC21slim.xsd">
   <leader>00925njm 22002777a 4500</leader>
   <datafield ind2=" " ind1=" " tag="042">
      <subfield code="a">dc</subfield>
   </datafield>
   <datafield ind2=" " ind1=" " tag="720">
      <subfield code="a">Folch Borràs, Martí</subfield>
      <subfield code="e">author</subfield>
   </datafield>
   <datafield ind2=" " ind1=" " tag="260">
      <subfield code="c">2018-05-14</subfield>
   </datafield>
   <datafield ind2=" " ind1=" " tag="520">
      <subfield code="a">El present treball té com a objectiu dur a terme un anàlisis previ de l'edifici B1 del Campus Nord de la UPC, de&#xd;
l'entorn, instal·lacions, sistemes constructius, consums…&#xd;
La Certificació Energètica de l'edifici és una C, una qualificació bastant favorable sabent que menys del 15% del&#xd;
parc edificatori de Barcelona està entre les 3 primeres categories. Tenim unes emissions de 27,1 kgCO2/m² així&#xd;
que estem en un rang d'alta eficiència energètica, un consum d'energia primària de 143 kWh/m2 any i una&#xd;
demanda de calefacció de 45,8 kWh/m2 any.&#xd;
L'edifici és de 1989, data posterior a la Normativa referent a l'Aïllament Tèrmic dels Edificis de 1979 (NBE-CT&#xd;
79). Per tant, ja ens podem fer a la idea que compleix, en la majoria de requisits, amb la Normativa actual de&#xd;
Confort i Emissions. Com a primera proposta de millora, es proposa baixar encara més les emissions de CO2,&#xd;
actuant així en la mesura que sigui possible, en els punts més febles d'aquest aspecte.&#xd;
Una vegada realitzades les comprovacions basades en els requisits que estableix el CTE sobre els límits&#xd;
de transmitància tèrmica, es comprova que el punt a millorar es troba en les superfícies vidriades de tot l'edifici.&#xd;
Com a propostes de millora doncs substituïrem les finestres per altres de PVC i vidres baixos emissius per tal de&#xd;
complir els requisits del HE1. Amb aquesta mesura estalvíem un 17% respecte la situació inicial.&#xd;
Les altres mesures proposades són la incorporació de plaques fotovoltaiques per la seva posterior distribució i/o&#xd;
autoconsum i un possible canvi de caldera ja que a molts edifici del campus s'estan susbtituint les antigues&#xd;
calderes per altres de condensació molt més eficients.&#xd;
Amb aquests conjunts de mesures ja complim un dels objectius de la Normativa Europea de Eficiencia&#xd;
Energètica que és reduir en un 20% les emissions de C02 a l'atmosfera.&#xd;
L'altre objectiu del projecte ésobtenir el certificat energètic ja que pel Real Decret 235/3013 va quedar regulada&#xd;
l'obligatorietat d'obtenir aquest certificat en tots els edificis públics que tinguin una superfície útil, superior a&#xd;
250m2 a més de que l'etiqueta energètica haurà de ser exhibida en un lloc preferent i visible.</subfield>
   </datafield>
   <datafield tag="653" ind2=" " ind1=" ">
      <subfield code="a">Àrees temàtiques de la UPC::Energies::Gestió de l'energia::Estalvi energètic</subfield>
   </datafield>
   <datafield tag="653" ind2=" " ind1=" ">
      <subfield code="a">Buildings -- Energy conservation</subfield>
   </datafield>
   <datafield tag="653" ind2=" " ind1=" ">
      <subfield code="a">Energy consumption</subfield>
   </datafield>
   <datafield tag="653" ind2=" " ind1=" ">
      <subfield code="a">Edificis -- Estalvi d'energia -- Catalunya -- Barcelona</subfield>
   </datafield>
   <datafield tag="653" ind2=" " ind1=" ">
      <subfield code="a">Energia -- Consum -- Edificis -- Catalunya -- Barcelona</subfield>
   </datafield>
   <datafield tag="653" ind2=" " ind1=" ">
      <subfield code="a">CampusLab</subfield>
   </datafield>
   <datafield ind2="0" ind1="0" tag="245">
      <subfield code="a">Avaluació energètica de l'edifici B1 Campus Nord UPC</subfield>
   </datafield>
   <datafield ind2="0" ind1="0" tag="245">
      <subfield code="a">Avaluació energètica d'un edifici de la UPC</subfield>
   </datafield>
</record></metadata></record></GetRecord></OAI-PMH>